000 00492nam a2200169 i 4500
001 110409
003 ES-MaACL
005 20230906185039.0
007 t|
008 061121s1972 sp |||| | spa d
100 1 _aOrdóñez Márquez, Juan.
_987202
245 1 0 _aMensaje de la palabra
_b: Ciclo B. Dominical y festivo /
_cJuan Ordóñez Márquez.
260 _aMadrid :
_bCoculsa,
_c1972.
300 _a892 p. ;
_c24 cm.
650 0 4 _aPredicación.
_916342
852 _aES-MaACL
_jC-48911
999 _c110409
_d110409